Catálogo

INTRODUCCION AL ESTUDIO DE LOS SUELOS (Registro nro. 18833)

Detalles MARC
000 -LEADER
fixed length control field 00465nam a2200169 a 4500
001 - CONTROL NUMBER
control field 18833
005 - DATE AND TIME OF LATEST TRANSACTION
control field 20180713212208.0
008 - FIXED-LENGTH DATA ELEMENTS--GENERAL INFORMATION
fixed length control field 140415s1941 mx 000 0 spa d
041 ## - LANGUAGE CODE
Language code of text/sound track or separate title spa
082 ## - DEWEY DECIMAL CLASSIFICATION NUMBER
Classification number 631.4
Item number GON
100 1# - MAIN ENTRY--PERSONAL NAME
Personal name GONZALEZ GALLARDO, ALFONSO
245 10 - TITLE STATEMENT
Title INTRODUCCION AL ESTUDIO DE LOS SUELOS
260 ## - PUBLICATION, DISTRIBUTION, ETC.
Place of publication, distribution, etc. MEXICO :
Name of publisher, distributor, etc. BANCO NACIONAL DE CREDITO AGRICOLA, S.A.,
Date of publication, distribution, etc. 1941
300 ## - PHYSICAL DESCRIPTION
Extent 484
500 ## - GENERAL NOTE
General note 4 MAPAS
650 14 - SUBJECT ADDED ENTRY--TOPICAL TERM
Topical term or geographic name entry element EDAFOLOGIA
Existencias
Withdrawn status Lost status Source of classification or shelving scheme Damaged status Not for loan Collection code Home library Current library Shelving location Date acquired Source of acquisition Inventory number Total Checkouts Full call number Barcode Date last seen Price effective from Koha item type
    Dewey Decimal Classification     General Biblioteca Karol Wojtyla Biblioteca Karol Wojtyla Sala general 03/12/2013 Compra 151000000000000000012839   631.4 GON 38234 05/01/2026 22/05/2014 Libro